<?xml version="1.0" encoding="UTF-8"?>
<collection xmlns="http://www.loc.gov/MARC21/slim">
 <record>
  <leader>02023naa a2200241 i 4500</leader>
  <controlfield tag="001">acta75751</controlfield>
  <controlfield tag="005">20220517100311.0</controlfield>
  <controlfield tag="008">220517s2010    hu      o     0||   hun d</controlfield>
  <datafield tag="022" ind1=" " ind2=" ">
   <subfield code="a">1789-0810</subfield>
  </datafield>
  <datafield tag="040" ind1=" " ind2=" ">
   <subfield code="a">SZTE Egyetemi Kiadványok Repozitórium</subfield>
   <subfield code="b">hun</subfield>
  </datafield>
  <datafield tag="041" ind1=" " ind2=" ">
   <subfield code="a">hun</subfield>
  </datafield>
  <datafield tag="041" ind1=" " ind2=" ">
   <subfield code="a">fre</subfield>
  </datafield>
  <datafield tag="100" ind1="1" ind2=" ">
   <subfield code="a">Kövér Lajos</subfield>
  </datafield>
  <datafield tag="245" ind1="1" ind2="2">
   <subfield code="a">A XVI. Lajos kép kortársi gyökerei</subfield>
   <subfield code="h">[elektronikus dokumentum] /</subfield>
   <subfield code="c"> Kövér Lajos</subfield>
  </datafield>
  <datafield tag="260" ind1=" " ind2=" ">
   <subfield code="a">JATEPress</subfield>
   <subfield code="b">Szeged</subfield>
   <subfield code="c">2010</subfield>
  </datafield>
  <datafield tag="300" ind1=" " ind2=" ">
   <subfield code="a">81-92</subfield>
  </datafield>
  <datafield tag="490" ind1="0" ind2=" ">
   <subfield code="a">Bölcsészműhely</subfield>
  </datafield>
  <datafield tag="490" ind1="0" ind2=" ">
   <subfield code="a">Bölcsészműhely, 2009</subfield>
  </datafield>
  <datafield tag="520" ind1="3" ind2=" ">
   <subfield code="a">Dans notre travail nous analysons les bases contemporaines du portrait de Louis XVI de deux points de vue. Dune part nous considérons le portrait du roi comme une campagne de propagande concernant la lutte entre la'révólution et l'Ancien Régime. La conclusion suggérée est trés claire ; selon Ia contrerévolution, Louis XVI est un martyre, et la Cour viennoise déclare que la glorification de sa personne est indéniable. Les Jacobins refusent naturellement cette idée. Le 3 décembre 1792, devant la Convention, Maximilien de Robespierre, au nom des Montagnards, réclame l'exécution de Louis XVI afin de légitimer la Révolution. II invente pour l'occasion une expression appelée a faire florés : «criminel envers l'humanité.. D'autre part nous examinons les conséquences historiographiques de cette lutte. Lamartine propose une vision routantique dans son Histoirc des Girondins, mais Albert Mathiez crée un culte de Robespierre, le faisant le personnage central et incontournable de la période et ce quitte á réduire arbitrairement l'importance des autres. Cate opinion, si on ose dire l'opinion des rriomphateurs, est resté dominance jusqu'au bicentenaire de Ia Révolution.</subfield>
  </datafield>
  <datafield tag="650" ind1=" " ind2="4">
   <subfield code="a">Bölcsészettudományok</subfield>
  </datafield>
  <datafield tag="650" ind1=" " ind2="4">
   <subfield code="a">Történettudomány és régészet</subfield>
  </datafield>
  <datafield tag="695" ind1=" " ind2=" ">
   <subfield code="a">XVI. Lajos - francia - király, Franciaország története - 18. sz.</subfield>
  </datafield>
  <datafield tag="856" ind1="4" ind2="0">
   <subfield code="u">http://acta.bibl.u-szeged.hu/75751/1/bolcseszmuhely_2009_081-092.pdf</subfield>
   <subfield code="z">Dokumentum-elérés </subfield>
  </datafield>
 </record>
</collection>
